Największe miasto państwa bez stolic - Statystyki

Ogólne statystyki
  • Ten quiz został rozwiązany 71 razy
  • Średni wynik to 10 z 15
Statystyki odpowiedzi
Państwo Miasto % Poprawnych
Polska Kraków
100%
Hiszpania Barcelona
95%
Rosja Petersburg
93%
Niemcy Monachium
82%
Holandia Rotterdam
82%
Portugalia Porto
80%
Grecja Saloniki
77%
Litwa Kowno
75%
Wielka Brytania Birmingham
67%
Szwecja Göteborg
66%
Szwajcaria Zurych
66%
Belgia Antwerpia
39%
Bośnia i Hercegowina Banja Luka
33%
Finlandia Tampere
33%
Rumunia Aleksandria
2%
Nie znaleziono quizów pasujących do podanych kryteriów
Rozkład punktacji
Procent ludzi z każdym wynikiem
Percentyl według liczby udzielonych odpowiedzi
Twoja historia wyników
Nie rozwiązałeś tego quizu